000 00436nam a2200169Ia 4500
003 GCL
008 140319s9999 xx 000 0 ara d
040 _aGCL /
_cGCL
082 0 4 _aط
_b031
_bا م
245 1 0 _aالموسوعة الذهبية
300 _aمتعدد
490 _aكتاب
_v0
650 0 4 _aدوائر المعارف
650 0 4 _aالعالم - تاريخ
650 0 4 _aالرجال - تراجم
942 _2ddc
_cBK
999 _c43107
_d43107